Welcome to the Holygrace Academy Library

Please use search bar below to get started

DAYABAI,THE LADY WITH FIRE (Record no. 6758)

MARC details
000 -LEADER
fixed length control field 00282nam a22001217a 4500
082 ## - DEWEY DECIMAL CLASSIFICATION NUMBER
Classification number 920
Item number MAT/D
100 ## - MAIN ENTRY--AUTHOR NAME
Personal name MATHEW, MERCY
245 ## - TITLE STATEMENT
Title DAYABAI,THE LADY WITH FIRE
260 ## - PUBLICATION, DISTRIBUTION, ETC. (IMPRINT)
Place of publication BANGALOE
Name of publisher FRANCISCAN PUBLICATION
300 ## - PHYSICAL DESCRIPTION
Number of Pages 131
650 ## - SUBJECT ADDED ENTRY--TOPICAL TERM
Topical Term ABOUT DAYABAI
Geographic subdivision BANGALORE
942 ## - ADDED ENTRY ELEMENTS (KOHA)
Koha item type Books
Holdings
Withdrawn status Lost status Collection code Home library Current library Shelving location Date acquired Source of acquisition Full call number Accession Number Koha item type
    Reference Main Library Main Library SHELF-17-L-BIOGRAPHIES & AUTOBIOGRAPHIES 08/11/2012 PURCHASE 920 MAT/D 03903 Books